1897 1697 1226 1767 1000 1627 1548 1802 1209 1195 1558 1872 1614 1997 1471 1801 1733 1580 1664 1006 1587 1447 1930 1757 1022 1366 1275 1240 1113 1583 1540 1953 1882 1232 1879 1209 1872 1602 1906 1941 1311 1509 1544 1474 1987 1242 1440 1800 1727 1867 1270 1072 1733 1943 1031 1567 1189 1929 1826 1391 1459 1339 1828 1221 1170 1159 1164 1582 1905 1536 1408 1279 1179 1330 1610 1817 1355 1969 1293 1736 1279 1904 1127 1341 1009 1969 1980 1014 1454 1163 1066 1132 1135 1604 1291 1892 1235 1013 1280 BCNSPRNW ULIB Ver.6.0+V

เปลี่ยนเป็นภาษาไทย

Change to English
 แสดงรายละเอียดบรรณานุกรม
  กลับหน้าหลัก

Brief Record : Get Marc (ISO 2709) : E-mail record : QR code < ปิดหน้าต่าง
LEADER : 00000nam 2200000uu 4500
001    13399128642
003     ULIB
008    230925s2561||||th 000 0 tha d
020    ^a9786164689589
060 04 ^aW74.1^bอ619ก
100 0  ^aอาทร ริ้วไพบูลย์
245 10 ^aการวิเคราะห์ต้นทุนในการพัฒนาระบบสุขภาพ =^bCost analysis inhealth systems development /^cอาทร ริ้วไพบูลย์
246 31 ^aCost analysis in health systems development
250    ^aพิมพ์ครั้งที่ 1
260    ^aกรุงเทพฯ :^bศักดิ์โสภาการพิมพ์,^c2561
300    ^a(20), 232 หน้า :^bภาพประกอบ ;^c26 ซม.
504    ^aมีบรรณานุกรมและดัชนี
505 0  ^aระบบสุขภาพ ประสิทธิภาพ และต้นทุน -- แนวคิดและพื้นฐานการวิเคราะห์ต้นทุน-- การวิเคราะห์ความคุ้มค่าของมาตรการทางสุขภาพ --ต้นทุนของการเจ็บป่วย -- การวิเคราะห์ต้นทุนของบริการทางการแพทย์ --การวิเคราะห์ต้นทุนของการบริหารจัดการด้านสาธารณสุข --ต้นทุนของโครงการด้านสุขภาพ --ต้นทุนในการประเมินทางเศรษฐศาสตร์สาธารณสุข --สถิติในการวิเคราะห์ต้นทุน --การดำเนินการวิจัยและการตีพิมพ์ผลงานด้านต้นทุน
650  4 ^aระบบสุขภาพ^xแง่เศรษฐศาสตร์
650  4 ^aการวิเคราะห์ต้นทุน
650  4 ^aบริการทางการแพทย์^xการวิเคราะห์ต้นทุน
650  4 ^aค่าใช้จ่ายในการรักษาพยาบาล^xการวิเคราะห์ต้นทุน
650  4 ^aต้นทุนการผลิต
650  4 ^aเศรษฐศาสตร์การแพทย์
691    ^aมหาวิทยาลัยมหิดล.^bคณะเภสัชศาสตร์^vผลงานวิชาการของบุคลากร
710 2  ^aมหาวิทยาลัยมหิดล.^bคณะเภสัชศาสตร์.^bภาควิชาเภสัชกรรม
945    ^p250^l0^i29998
945    ^p250^l0^i29999
999    ^aกัณชพร จุลอักษร
รายการนี้ยังไม่มีแท็ก
คุณยังไม่ได้ล็อกอิน คุณสามารถมีกิจกรรมร่วมกับเว็บไซต์ได้ แต่ต้องล็อกอินก่อน ::
  ล็อกอิน

รายการสื่อสารสนเทศ

ลำดับที่ ประเภท เลขเรียก/บาร์โค้ด สถานที่ สถานะ
1. วิทยาศาสตร์การแพทย์ และสุขภาพ
วิทยาศาสตร์การแพทย์ และสุขภาพ
W74.1 อ619ก ฉ.1 
  Barcode: 29998
ห้องสมุดวิทยาเขตนครสวรรค์
►หนังสือทั่วไป:l:General Books
บนชั้น
2. วิทยาศาสตร์การแพทย์ และสุขภาพ
วิทยาศาสตร์การแพทย์ และสุขภาพ
W74.1 อ619ก ฉ.2 
  Barcode: 29999
ห้องสมุดวิทยาเขตนครสวรรค์
►หนังสือทั่วไป:l:General Books
บนชั้น

รายการใกล้เคียง
    ผู้แต่ง [อาทร ริ้วไพบูลย์]

    หัวเรื่อง [การวิเคราะห์ต้นทุน]
    หัวเรื่อง [ต้นทุนการผลิต]
    หัวเรื่อง [เศรษฐศาสตร์การแพทย์]

BibComment


ยังไม่เคยถูกคอมเมนท์

คอมเมนท์ทรัพยากรรายการนี้
  คอมเมนท์: การวิเคราะห์ต้นท..


 Copyright 2026. Bcnsprnw @Library